00455nam a2200181 a 4500001001300000003000900013005001700022008004100039020001000080082001600090100001900106245003700125260003000162300000900192500003500201650001800236700001900254nice12345678IN_TiNIC20260116014508.0080909s2006 dela grp 000 0 per  ac24000a891.51bFAI aFaiq, Muhammad aFaarsi Dramab Tareekh-O-tanqeed aDelhi bNice Books c2006 a176p aincludes index and biblioraphy aPersian Drama1 aFaiq, Muhammad